[Event "Andalucia-ch U16"]
[Site "Huelva"]
[Date "2014.04.26"]
[Round "7.10"]
[White "Marquez Marvizon, Alejandra"]
[Black "Vazquez Garcia, David"]
[Result "1-0"]
[WhiteElo "1820"]
[BlackElo "1561"]
[PlyCount "45"]
[EventDate "2014.04.25"]
[EventType "swiss"]
[EventRounds "9"]
[EventCountry "ESP"]
[SourceTitle "EXT 2024"]
[Source "ChessBase"]
[SourceDate "2023.10.10"]
[SourceVersion "1"]
[SourceVersionDate "2023.10.10"]
[SourceQuality "1"]

1. e4 c5 2. Nf3 d6 3. Bb5+ Bd7 4. Bxd7+ Qxd7 5. 0-0 Nf6 6. Qe2 g6 7. Rd1 Nc6 8. c3 Bg7 9. d4 cxd4 10. cxd4 0-0 11. Nc3 e6 12. h3 a6 13. Bg5 h6 14. Bh4 b5 15. a3 Rac8 16. Bg3 Na5 17. e5 Ne8 18. Ne4 d5 19. Nc5 Qa7 20. Rac1 Nc4 21. Rc2 Nb6 22. Rdc1 Rc7 23. Nd2 1-0

[Event "Andalucia-ch U16"]
[Site "Huelva"]
[Date "2014.04.25"]
[Round "1.3"]
[White "Perez Tores, Juan Miguel"]
[Black "Vazquez Garcia, David"]
[Result "1-0"]
[WhiteElo "1945"]
[BlackElo "1561"]
[PlyCount "57"]
[EventDate "2014.04.25"]
[EventType "swiss"]
[EventRounds "9"]
[EventCountry "ESP"]
[SourceTitle "EXT 2024"]
[Source "ChessBase"]
[SourceDate "2023.10.10"]
[SourceVersion "1"]
[SourceVersionDate "2023.10.10"]
[SourceQuality "1"]

1. e4 c5 2. Nf3 d6 3. d4 cxd4 4. Nxd4 Nf6 5. Nc3 a6 6. Bg5 e6 7. f4 Nbd7 8. Qf3 Qb6 9. 0-0-0 Be7 10. g4 0-0 11. h4 Qc7 12. Bxf6 Nxf6 13. g5 Nd7 14. g6 Nf6 15. h5 h6 16. Bh3 Bd7 17. gxf7+ Kxf7 18. f5 e5 19. Ne6 Bxe6 20. fxe6+ Ke8 21. Qg3 Rg8 22. Bf5 Bf8 23. Bg6+ Ke7 24. Bf7 Rh8 25. Rhf1 Qb8 26. Qg6 b5 27. Rxf6 gxf6 28. Nd5+ Kd8 29. Qxf6+ 1-0

[Event "Andalucia-ch U14"]
[Site "Islantilla"]
[Date "2012.04.14"]
[Round "6"]
[White "Vazquez Garcia, David"]
[Black "Gonzalez Lorenzo, Francisco Man"]
[Result "0-1"]
[WhiteElo "1531"]
[BlackElo "1646"]
[PlyCount "120"]
[EventDate "2012.04.13"]
[EventType "swiss"]
[EventRounds "9"]
[EventCountry "ESP"]
[SourceTitle "CBM 148 Extra"]
[Source "ChessBase"]
[SourceDate "2012.06.22"]
[SourceVersion "1"]
[SourceVersionDate "2012.06.22"]
[SourceQuality "1"]

1. e4 e6 2. d4 d5 3. exd5 exd5 4. Bf4 Bd6 5. Qd2 Bf5 6. Nc3 c6 7. 0-0-0 Ne7 8. f3 Qc7 9. Nge2 Na6 10. Kb1 0-0-0 11. g4 Bg6 12. Bxd6 Qxd6 13. Nf4 Nc7 14. h4 h6 15. Nxg6 Nxg6 16. Bd3 Nf4 17. Ne2 Nce6 18. Bf5 Kb8 19. Bxe6 Nxe6 20. Rhe1 Rhe8 21. f4 Nf8 22. f5 Re4 23. Rg1 Qh2 24. Nc3 Qxd2 25. Rxd2 Re3 26. Rdd1 Rde8 27. Kc1 Nh7 28. Kd2 Nf6 29. g5 Nh5 30. Rge1 Rxe1 31. Rxe1 Rxe1 32. Kxe1 hxg5 33. hxg5 Ng3 34. g6 f6 35. Kf2 Nxf5 36. Ne2 Kc7 37. c3 Kd6 38. Nf4 b6 39. b4 c5 40. bxc5+ bxc5 41. Nh5 cxd4 42. cxd4 Kc6 43. Kg2 Nh4+ 44. Kg3 Nxg6 45. Nxg7 Kb5 46. Kg4 Kc4 47. Ne6 Ne7 48. Kf4 Nc6 49. Ke3 Nb4 50. a4 Nc2+ 51. Kd2 Nxd4 52. Nf4 Nb3+ 53. Kc2 d4 54. Nd3 Nc5 55. Nb2+ Kd5 56. Kd2 Ke4 57. Ke2 d3+ 58. Kd2 f5 59. Ke1 f4 60. a5 f3 0-1

[Event "Andalucia-ch U14 1011"]
[Site "Almeria"]
[Date "2011.03.26"]
[Round "7.5"]
[White "Vazquez Garcia, David"]
[Black "Troncoso Sanchez, Javier"]
[Result "1/2-1/2"]
[WhiteElo "1519"]
[BlackElo "1803"]
[PlyCount "62"]
[EventDate "2011.03.25"]
[EventType "swiss"]
[EventRounds "9"]
[EventCountry "ESP"]
[SourceTitle "EXT 2024"]
[Source "ChessBase"]
[SourceDate "2023.10.10"]
[SourceVersion "1"]
[SourceVersionDate "2023.10.10"]
[SourceQuality "1"]

1. e4 e5 2. Nf3 Nc6 3. Bc4 Bc5 4. Nc3 Nf6 5. d3 h6 6. 0-0 d6 7. h3 0-0 8. Na4 Bb6 9. Nxb6 axb6 10. c3 Be6 11. Bxe6 fxe6 12. Re1 Qe8 13. b4 b5 14. a4 bxa4 15. Rxa4 Rxa4 16. Qxa4 Nd4 17. Qd1 Nxf3+ 18. Qxf3 Nd5 19. Qg3 Nf4 20. Bxf4 Rxf4 21. Ra1 g5 22. Ra5 Qc6 23. Ra3 d5 24. exd5 exd5 25. h4 Qg6 26. hxg5 hxg5 27. Ra8+ Kf7 28. Qh3 g4 29. Qh8 Qg7 30. Qxg7+ Kxg7 31. Ra7 e4 1/2-1/2